Images That Start with 'E' Quiz Stats

 Plays Quiz Updated Jul 10, 2018

Challenge
Share
Tweet
Score 0/20 Timer 04:00
4 Plays Today
% Correct
elephant
99.7%
earmuffs
95.8%
eyeball
95.6%
eclipse
94.8%
envelope
94.6%
escalator
94.1%
emerald
92.3%
eggplant
90.7%
eel
90.5%
emu
85.3%
% Correct
easel
81.6%
explosion
79.1%
espresso
54.9%
earwig
53.9%
Ethiopia
51.7%
ebony
49.9%
eaves
49.3%
egret
41.7%
embroidery
30.4%
echidna
24.1%

You're not logged in!

Compare scores with friends on all Sporcle quizzes.
OR
Log In

You Might Also Like...

Show Comments

Extras

Top Quizzes Today


Score Distribution

Your Account Isn't Verified!

In order to create a playlist on Sporcle, you need to verify the email address you used during registration. Go to your Sporcle Settings to finish the process.

Report this User

Report this user for behavior that violates our Community Guidelines.

Details: